| 000 | 01086nas a2200361 4500 | ||
|---|---|---|---|
| 001 | BR0701950 | ||
| 003 | BR-BrBNA | ||
| 005 | 20231205110720.0 | ||
| 007 | ta | ||
| 008 | 230509b bl.|||p| |||| 00| 00por d | ||
| 040 |
_aBR-BrBNA _bpor _cBiblioteca Nacional de Agricultura |
||
| 041 | _a(Pt) | ||
| 072 | _aL73 | ||
| 100 | 1 | _aDiel, D.G. | |
| 100 | 1 | _aAlmeida, S.R. de | |
| 100 | 1 | _aFrandoloso, R. | |
| 100 | 1 | _aAnziliero, D. | |
| 100 | 1 | _aKreutz, L.C. | |
| 100 | 1 | _aGroff, F.H.S. | |
| 100 | 1 | _aFlores, E.F. | |
| 245 | 1 | _aPrevalência de anticorpos contra os vírus da influenza, da arterite viral e herpesvírus em eqüinos do Estado do Rio Grande do Sul, Brasil | |
| 650 | _aEQÜINOS | ||
| 650 | _aINFLUENZA EQÜINA | ||
| 650 | _aANTICORPO | ||
| 650 | _aARTRITE | ||
| 650 | _aHERPEVÍRUS | ||
| 650 | _aEPIDEMIOLOGIA | ||
| 650 | _aBIOQUÍMICA ANIMAL | ||
| 650 | _aRIO GRANDE DO SUL | ||
| 773 | 0 |
_tCiência Rural (Brazil) _xISSN 0103-8478 _g(Sep-Oct 2006), v. 36(5) p. 1467-1473 _wBR0701950 |
|
| 909 |
_a202311 _bLúcia _c55 _dLúcia Elande |
||
| 942 |
_2AGRIS _n0 _cANA |
||
| 999 |
_c188704 _d188704 |
||